000 00660nam a2200253Ia 4500
003 OSt
005 20220928121859.0
006 a|||||r|||| 00| 0
007 ta
008 220927b |||||||| |||| 00| 0 eng d
024 _a3354
037 _cTextual
040 _aSDCL
_cSDCL
_beng
041 _2eng
_aeng
082 _aI23, P7
100 _aCannon Paul F
_9454638
245 0 _aFungal families of the world
260 _aOxfordshire
_bCABI
_c2007
300 _axiii,456p
_ccm.
650 _aFungi
_9427887
700 _a Kirk Paul M
_9454639
942 _hI23, P7
_cTEXL
_2CC
999 _c768359
_d768359